TOTY FC25 to Fifa 17 - Statistics

General Stats
  • This quiz has been taken 538 times
  • The average score is 90 of 99
Answer Stats
OVR Position Team Answer % Correct
96 ST Real Madrid Mbappe
99%
97 ST PSG Mbappe
99%
97 ST PSG Mbappe
99%
97 ST PSG Mbappe
99%
97 ST PSG Mbappe
99%
98 ST PSG Mbappe
99%
97 RW PSG Mbappe
99%
97 RW Inter Miami Messi
99%
98 RW PSG Messi
99%
98 RW PSG Messi
99%
99 RW Barcelona Messi
99%
99 CF Barcelona Messi
99%
98 RW Barcelona Messi
99%
98 RW Barcelona Messi
99%
98 ST Juventus Ronaldo
98%
99 ST Juventus Ronaldo
98%
99 LW Real Madrid Ronaldo
98%
99 LW Real Madrid Ronaldo
98%
96 RW Liverpool Salah
98%
97 CAM Real Madrid Bellingham
97%
96 CM Real Madrid Bellingham
97%
95 CM Dortmund Bellingham
97%
97 ST Man city Haaland
97%
97 CDM Man City Rodri
97%
95 CDM Man City Rodri
97%
96 CB Liverpool Van Dijk
97%
96 CB Liverpool Van dijk
97%
96 CB Liverpool Van Dijk
97%
96 CB Liverpool Van Dijk
97%
99 CB Liverpool Van Dijk
97%
95 CB Liverpool Van Dijk
97%
94 GK Liverpool Alisson
96%
97 GK Liverpool Alisson
96%
96 CM Man City De Bruyne
96%
97 CM Man City De bruyne
96%
96 CM Man City De Bruyne
96%
96 CM Man City De Bruyne
96%
98 CAM Man City De Bruyne
96%
97 CAM Man City De Bruyne
96%
96 CM Man City De Bruyne
96%
94 GK Aston Villa Martinez
96%
97 LW Real Madrid Vinicius Jr
96%
97 CF Real Madrid Benzema
95%
96 CM Real Madrid Modric
95%
99 CM Real Madrid Modric
95%
96 CM Real Madrid Modric
95%
96 CM Real Madrid Modric
95%
95 CAM Chelsea Palmer
95%
95 CB Arsenal Saliba
95%
95 RB Real Madrid Carvajal
94%
94 LB AC Milan Theo Hernandez
94%
94 LB AC Milan Theo Hernandez
94%
98 ST Bayern Munich Lewandowski
93%
98 ST Bayern Munich Lewandowski
93%
95 CB Man City Ruben Dias
93%
97 CB Man City Ruben Dias
93%
94 RB Bayer Leverkussen Frimpong
92%
94 RB PSG Hakimi
92%
93 RB PSG Hakimi
92%
96 GK Bayern Munich Neuer
92%
98 GK Bayern Munich Neuer
92%
96 GK PSG Donnarumma
91%
96 GK Real Madrid Courtois
90%
94 LB Bayer Leverkussen Grimaldo
90%
96 ST Tottenham Kane
90%
96 CDM Chelsea Kante
90%
97 CDM Chelsea Kante
90%
95 CDM Chelsea Kante
90%
95 CDM Chelsea Kante
90%
96 CB Real Madrid Sergio Ramos
89%
97 CB Real Madrid Sergio Ramos
89%
97 CB Real Madrid Sergio Ramos
89%
96 CB Real Madrid Sergio Ramos
89%
94 RB Liverpool Trent-Alexander-Arnold
88%
95 RB Liverpool Trent-Alexander-Arnold
88%
97 CAM Man United Bruno Fernandes
86%
97 GK Man United De Gea
86%
97 GK Man United De Gea
86%
96 CDM Bayern Munich Kimmich
86%
97 LW Liverpool Sadio Mane
86%
95 CM Real Madrid Kroos
84%
98 ST Barcelona Suarez
84%
94 LB Real Madrid Marcelo
83%
94 LB Real Madrid Marcelo
83%
93 LB Real Madrid Marcelo
83%
95 CB PSG Marquinhos
83%
94 CB Real Madrid Eder Militao
82%
95 CM Barcelona Iniesta
82%
94 LB Liverpool Robertson
80%
93 RB PSG Dani Alves
79%
93 RB Barcelona Dani Alves
79%
93 LB Bayern Munich Davies
79%
94 CB Barcelona Pique
78%
94 LB Man City Joao Cancelo
75%
96 CB Real Madrid Varane
71%
94 CM Barcelona De Jong
69%
96 CB AC Milan Bonucci
68%
97 CM Chelsea Jorginho
60%
96 CB Juventus De Ligt
58%
No matching quizzes found
Score Distribution
Percent of People with Each Score
Percentile by Number Answered
Your Score History
You have not taken this quiz